[Event "Deltalift Open"]
[Site "Tylosand"]
[Date "2015.05.14"]
[Round "2.8"]
[White "Olsson, Bo"]
[Black "Westerberg, Jonathan"]
[Result "0-1"]
[WhiteElo "2115"]
[BlackElo "2447"]

1.d4 d5 2.c4 dxc4 3.e3 Nf6 4.Bxc4 e6 5.Nf3 a6 6.O-O b5 7.Bd3 Bb7 8.Qe2 Be7
9.e4 O-O 10.Rd1 Nbd7 11.e5 Nd5 12.Qe4 g6 13.Qg4 c5 14.h4 Nb4 15.Bh6 Re8 
16.h5 Bxf3 17.gxf3 Nxd3 18.hxg6 hxg6 19.Rxd3 Nxe5 20.dxe5 Qxd3 21.Nc3 Qf5 
22.Qg3 Qh5 23.Bf4 Qh4 24.Ne4 Qxg3+ 25.Bxg3 Kg7 0-1

[Event "Deltalift Open"]
[Site "Tylosand"]
[Date "2015.05.14"]
[Round "2.9"]
[White "Akesson, Ralf"]
[Black "Gillefalk, Bjorn"]
[Result "1-0"]
[WhiteElo "2436"]
[BlackElo "2128"]

1.d4 Nf6 2.c4 e6 3.g3 c5 4.d5 exd5 5.cxd5 d6 6.Nc3 g6 7.Bg2 Bg7 8.Nf3 O-O 
9.O-O Na6 10.Nd2 Nc7 11.a4 b6 12.h3 Ba6 13.Re1 Qd7 14.Rb1 Nh5 15.Qc2 Rae8 
16.e3 f5 17.Nf3 Nf6 18.b4 Bc4 19.Rd1 Kh8 20.bxc5 bxc5 21.Rb7 Rb8 22.Qb1 
Rxb7 23.Qxb7 Ne4 24.Nxe4 fxe4 25.Nd2 Bxd5 26.Qxa7 Ra8 27.Qb6 Qxa4 28.Rf1 
Nb5 29.Nxe4 Bxe4 30.Bxe4 Qxe4 31.Qxb5 Qc2 32.Qc6 Rd8 33.e4 Qd3 34.Bg5 Rf8 
35.Bf4 Bd4 36.Qxd6 Re8 37.Be5+ Rxe5 38.Qf8# 1-0

[Event "Deltalift Open"]
[Site "Tylosand"]
[Date "2015.05.14"]
[Round "2.10"]
[White "Mardell, Jonas"]
[Black "Brynell, Stellan"]
[Result "0-1"]
[WhiteElo "2095"]
[BlackElo "2433"]

1.e4 e6 2.d4 d5 3.exd5 exd5 4.Bd3 c5 5.dxc5 Bxc5 6.Nf3 Nf6 7.O-O O-O 8.Nc3
h6 9.Bf4 Nc6 10.Qd2 Nb4 11.Rad1 Nxd3 12.Qxd3 Be6 13.Nd4 Bg4 14.f3 Bh5 15.
Kh1 Rc8 16.Nce2 Re8 17.c3 a6 18.Rfe1 Bg6 19.Qd2 b5 20.g4 h5 21.h3 hxg4 22.
hxg4 Nxg4 23.Kg2 Nf6 24.Bg5 Qd6 25.Nf4 Nh7 26.Bh4 Nf8 27.Kg3 Ne6 28.Nxe6 
fxe6 29.Kg2 Bf5 30.Nxd5 Qc6 31.Qg5 Rf8 32.Nf4 Rc7 33.Rd2 Rcf7 34.Rd8 Bd6 
35.Bg3 Be7 36.Rxf8+ Bxf8 37.Rh1 Rf6 38.Bf2 Bd6 39.Nh5 Rg6 40.Qxg6 Bxg6 41.
Ng3 Bxg3 42.Bxg3 Qd5 0-1

[Event "Deltalift Open"]
[Site "Tylosand"]
[Date "2015.05.14"]
[Round "2.11"]
[White "Jepson, Christian"]
[Black "Risting, Eivind Olav"]
[Result "1-0"]
[WhiteElo "2417"]
[BlackElo "2121"]

1.d4 e6 2.c4 f5 3.g3 Nf6 4.Bg2 c6 5.Nf3 d5 6.O-O Bd6 7.b3 Qe7 8.Ne5 O-O 9.
Bb2 b6 10.cxd5 cxd5 11.Nc4 Rd8 12.Nxd6 Qxd6 13.Ba3 Qd7 14.Nd2 Nc6 15.e3 
Ba6 16.Re1 Rac8 17.Rc1 Bb5 18.Bf1 Bxf1 19.Rxf1 Ne4 20.Nb1 a5 21.Qe2 Nb4 
22.f3 Nd6 23.Nc3 b5 24.Qd2 Nf7 25.Ne2 Qd6 26.Nf4 Qa6 27.Bxb4 axb4 28.Nd3 
h5 29.Nxb4 Qd6 30.Nd3 g5 31.Rxc8 Rxc8 32.Rc1 Ra8 33.Rc2 Kg7 34.Qb4 Qb8 35.
Qe7 Qb6 36.Rc7 Rf8 37.Qxg5+ Kh8 38.Qf6+ Kg8 39.Qg6+ Kh8 40.Rxf7 Rxf7 41.
Qxf7 Qa5 42.Qxh5+ Kg7 43.Qg5+ Kh8 44.Qf6+ Kh7 45.Qf7+ Kh8 46.Ne5 Qe1+ 47.
Kg2 Qe2+ 48.Kh3 Qf1+ 49.Kh4 1-0

[Event "Deltalift Open"]
[Site "Tylosand"]
[Date "2015.05.14"]
[Round "2.12"]
[White "Pantzar, Milton"]
[Black "Sjodahl, Pontus"]
[Result "0-1"]
[WhiteElo "2081"]
[BlackElo "2411"]

1.d4 Nf6 2.c4 c5 3.d5 a6 4.a4 e5 5.Nc3 d6 6.e4 Be7 7.g3 O-O 8.Bg2 Ne8 9.
Nge2 Nd7 10.O-O Rb8 11.Qc2 b6 12.Bd2 Nc7 13.Qd3 Re8 14.f4 Bf6 15.f5 Bg5 
16.Be1 h5 17.Kh1 Nf6 18.Ng1 Bh6 19.Nf3 Bd7 20.b3 b5 21.h3 Qe7 22.Nh2 bxc4 
23.bxc4 Rb3 24.Qc2 Rb7 25.Rb1 Reb8 26.Rxb7 Rxb7 27.g4 hxg4 28.hxg4 Bg5 29.
Bd2 Nh7 30.Nf3 Bxd2 31.Qxd2 g5 32.fxg6 fxg6 33.Qh6 Qg7 34.g5 Qxh6+ 35.gxh6
g5 36.Nd2 Ne8 37.Bf3 Rb2 38.Rf2 Nef6 39.Bd1 g4 40.Rg2 Kf7 41.Bb3 Kg6 42.
Nd1 Rxb3 43.Nxb3 Bxa4 44.Rg3 Kxh6 45.Ne3 Kg5 46.Nd2 Bd7 47.Kg2 Nh5 48.Nf3+
Kf4 49.Nxg4 Bxg4 0-1

[Event "Deltalift Open"]
[Site "Tylosand"]
[Date "2015.05.14"]
[Round "2.13"]
[White "Johansson, Linus"]
[Black "Blomstrom, Lars"]
[Result "1-0"]
[WhiteElo "2389"]
[BlackElo "2108"]

1.e4 e5 2.Nf3 Nc6 3.Bb5 Nf6 4.O-O Nxe4 5.d4 Nd6 6.Bxc6 dxc6 7.dxe5 Nf5 8.
Qxd8+ Kxd8 9.c4 Bd7 10.Nc3 Kc8 11.b3 h6 12.Bb2 b6 13.Rad1 Be7 14.h3 Rd8 
15.g4 Nh4 16.Nxh4 Bxh4 17.f4 Kb7 18.Kg2 c5 19.Nd5 Bc6 20.Rf3 Re8 21.Rfd3 
a6 22.Kf1 Be7 23.Bc3 a5 24.a4 Bf8 25.Kf2 Be7 26.Kg3 Bf8 27.h4 Rad8 28.f5 
Kc8 29.Kf4 Bd7 30.Be1 Bc6 31.h5 Kb7 32.Bh4 Rc8 33.g5 hxg5+ 34.Bxg5 f6 35.
exf6 Bd6+ 36.Kg4 gxf6 37.Nxf6 Re2 38.R3d2 Re7 39.h6 Be5 40.Nd5 Rf7 41.Re2 
Bd4 42.Re7 Rcf8 43.Rxf7 Rxf7 44.Rxd4 cxd4 45.Nf6 Rf8 46.h7 Rh8 47.Kh5 Be4 
48.Nxe4 1-0

[Event "Deltalift Open"]
[Site "Tylosand"]
[Date "2015.05.14"]
[Round "2.15"]
[White "Sagit, Rauan"]
[Black "Jonsson, Krister"]
[Result "1-0"]
[WhiteElo "2360"]
[BlackElo "2097"]

1.Nf3 d5 2.g3 Nf6 3.Bg2 g6 4.b3 Bg7 5.Bb2 O-O 6.O-O c5 7.c4 d4 8.b4 Nfd7 
9.d3 e5 10.a3 Nc6 11.Nbd2 Re8 12.Ne4 Qe7 13.bxc5 Nxc5 14.Nxc5 Qxc5 15.Nd2 
Qe7 16.a4 Bg4 17.Ba3 Qd7 18.Ne4 Rab8 19.Rb1 b6 20.Rb5 Be6 21.c5 Ne7 22.
cxb6 Nd5 23.Nc5 Qd8 24.Nxe6 fxe6 25.Bxd5 exd5 26.bxa7 Rxb5 27.axb5 Qb6 28.
Qa4 Ra8 29.Rc1 Rxa7 30.Qb3 Rd7 31.Rc6 Qb7 32.Bd6 h5 33.Qxd5+ Kh7 34.Qe6 
1-0

[Event "Deltalift Open"]
[Site "Tylosand"]
[Date "2015.05.14"]
[Round "2.16"]
[White "Stray, Gunnar"]
[Black "Lindgren, Philip"]
[Result "0-1"]
[WhiteElo "2067"]
[BlackElo "2346"]

1.Nf3 d5 2.g3 c6 3.Bg2 Nf6 4.O-O Bg4 5.d3 Nbd7 6.c4 e6 7.Qb3 Nc5 8.Qc2 Be7
9.h3 Bh5 10.Bf4 O-O 11.Nbd2 a5 12.g4 Bg6 13.Ne5 d4 14.Ndf3 Ne8 15.b3 f6 
16.Nxg6 hxg6 17.Bd2 e5 18.b4 axb4 19.Bxb4 Ne6 20.Bxe7 Qxe7 21.e3 Qc5 22.
Rfe1 Ra3 23.Rab1 Nd6 24.Nd2 Rc3 25.exd4 Qxd4 26.Qb2 Rxd3 27.Ne4 Nxe4 28.
Qxd4 Rxd4 29.Bxe4 Nc5 30.Bxg6 Rxc4 31.Rec1 Rxc1+ 32.Rxc1 Ne6 33.Kh2 Rd8 
34.Rb1 b5 35.Be4 Nd4 36.Kg3 Ra8 37.Rb2 Kf7 38.h4 Ra3+ 39.f3 c5 40.h5 c4 
41.Rh2 Re3 42.h6 gxh6 43.Rxh6 Re2 44.Rh7+ Ke6 45.Ra7 c3 46.Ra6+ Ke7 47.
Ra7+ Kd6 48.Ra6+ Kc5 49.a3 c2 50.Ra8 Rxe4 0-1

[Event "Deltalift Open"]
[Site "Tylosand"]
[Date "2015.05.14"]
[Round "2.17"]
[White "Fries-Nielsen, Niels Jorgen"]
[Black "Ylonen, Anders"]
[Result "1-0"]
[WhiteElo "2343"]
[BlackElo "2088"]

1.e3 d5 2.c4 c6 3.Nf3 e6 4.b3 f5 5.Bb2 Nf6 6.h3 Nbd7 7.d3 Bd6 8.g4 Qe7 9.
g5 Ng8 10.Nc3 Qf7 11.Be2 Ne7 12.h4 e5 13.Qc2 e4 14.Nd4 a6 15.cxd5 cxd5 16.
O-O-O Nc6 17.Nxc6 bxc6 18.dxe4 Bb7 19.exf5 c5 20.Rhe1 O-O-O 21.Kb1 Kb8 22.
f4 Rhe8 23.e4 d4 24.Bc4 Qh5 25.Nd5 Qxh4 26.e5 Bxe5 27.fxe5 Nxe5 28.Nb6 
Nxc4 29.Rxe8 Rxe8 30.Qxc4 Qe4+ 31.Ka1 Qxf5 32.Qxc5 Qxc5 33.Nd7+ Kc7 34.
Nxc5 Re5 35.Bxd4 Rxg5 36.Ne6+ 1-0

[Event "Deltalift Open"]
[Site "Tylosand"]
[Date "2015.05.14"]
[Round "2.18"]
[White "Bengtsson, Jessica"]
[Black "Ziegler, Ari"]
[Result "0-1"]
[WhiteElo "2052"]
[BlackElo "2305"]

1.e4 c5 2.c3 e6 3.d4 d5 4.e5 Nc6 5.Nf3 Bd7 6.Be2 Nh6 7.O-O Nf5 8.Be3 Be7 
9.Qd2 O-O 10.dxc5 Nxe3 11.Qxe3 f6 12.b4 Nxe5 13.Nxe5 fxe5 14.Qxe5 Bf6 15.
Qg3 a5 16.b5 Rc8 17.a4 Rxc5 18.Ra3 Qe7 19.Rb3 Rfc8 20.Rc1 e5 21.Nd2 Bh4 
22.Qd3 e4 23.Qe3 Bg5 24.f4 Bf6 25.g4 g5 26.f5 Be8 27.Ra3 Bf7 28.Bf1 Rxb5 
29.Bxb5 Qxa3 30.Rc2 Rxc3 31.Rxc3 Qxc3 32.Qxc3 Bxc3 33.Nf1 Kg7 34.Kf2 Kf6 
35.Ng3 Ke5 36.Ne2 Bb2 37.Bd7 d4 38.h3 d3 39.Ng3 Kf4 40.Nh5+ Bxh5 41.gxh5 
e3+ 0-1

[Event "Deltalift Open"]
[Site "Tylosand"]
[Date "2015.05.14"]
[Round "2.19"]
[White "Dragicevic, Drazen"]
[Black "Tryggestad, Andreas Garberg"]
[Result "1-0"]
[WhiteElo "2304"]
[BlackElo "2077"]

1.Nf3 Nf6 2.c4 g6 3.b4 Bg7 4.Bb2 O-O 5.g3 c6 6.Bg2 d5 7.cxd5 cxd5 8.O-O 
Nbd7 9.d3 b6 10.Nc3 Bb7 11.Rc1 e5 12.Nb5 Qe7 13.Qb3 a6 14.Rc7 Rab8 15.Na7 
Qd6 16.Rfc1 d4 17.Nc6 Rfc8 18.Rxb7 Rxb7 19.Ne7+ Qxe7 20.Rxc8+ Bf8 21.Nxd4 
exd4 22.Bxb7 Qxe2 23.Bxd4 h5 24.Qb2 Qe6 25.Qa1 Kg7 26.Rc6 Bd6 27.Bc8 1-0

[Event "Deltalift Open"]
[Site "Tylosand"]
[Date "2015.05.14"]
[Round "2.20"]
[White "Akesson, Joel"]
[Black "Andersson, Robert"]
[Result "0-1"]
[WhiteElo "2294"]
[BlackElo "2067"]

1.c4 Nf6 2.g3 c5 3.Bg2 Nc6 4.Nc3 g6 5.a3 Bg7 6.Rb1 a5 7.Nh3 d5 8.cxd5 Nxd5
9.Nxd5 Bxh3 10.Bxh3 Qxd5 11.O-O Qa2 12.Qc2 Nd4 13.Qd3 c4 14.Qe4 f5 15.Qxb7
O-O 16.d3 Qxb1 17.Bh6 Nxe2+ 18.Kh1 Qxd3 19.Bxg7 Kxg7 20.Qxe7+ Rf7 21.Qe5+ 
Kg8 22.Bg2 Rd8 23.Re1 Nd4 24.Bd5 Rxd5 25.Qxd5 Qf3+ 26.Qxf3 Nxf3 27.Re3 Nd4
28.Rc3 Rc7 29.Kg2 a4 30.f3 Nb5 31.Re3 c3 32.bxc3 Rxc3 33.Re8+ Kg7 0-1

[Event "Deltalift Open"]
[Site "Tylosand"]
[Date "2015.05.14"]
[Round "2.21"]
[White "Mattsson, Michael"]
[Black "Rydstrom, Tom"]
[Result "0-1"]
[WhiteElo "2045"]
[BlackElo "2291"]

1.e4 e5 2.Nf3 Nc6 3.Bb5 a6 4.Ba4 Nf6 5.Qe2 b5 6.Bb3 Be7 7.d3 d6 8.c3 O-O 
9.O-O Na5 10.Bc2 c5 11.Re1 Re8 12.Nbd2 g6 13.Nf1 Nh5 14.a4 Bd7 15.Bh6 Bf8 
16.Bxf8 Rxf8 17.g3 Nc6 18.Bb3 Kh8 19.Ne3 Ng7 20.Bd5 Rb8 21.axb5 axb5 22.
Ra6 Rb6 23.Rea1 h6 24.Nh4 Rxa6 25.Rxa6 Qc8 26.Ra1 Ne6 27.Qf3 Qd8 28.Ra6 
Ng5 29.Qe2 Qc8 30.Ra1 Kh7 31.Kh1 Nh3 32.Kg2 Ng5 33.f4 exf4 34.gxf4 Qd8 35.
Qf2 Ne6 36.f5 Qg5+ 37.Kh1 Nf4 38.Nf3 Qh5 39.Ne1 Nh3 40.fxg6+ Kg7 41.Nf5+ 
Bxf5 42.Qxf5 Qxf5 43.exf5 Ne7 44.Bxf7 Nxf5 45.Kg2 Ng5 46.Ra7 Ne3+ 47.Kf2 
Nd1+ 48.Ke2 Nxb2 49.Ra2 Na4 50.Ra3 Nxf7 51.gxf7 Nb6 52.Ra6 Nc8 53.Ra5 Ne7 
54.Rxb5 Nd5 55.Rb3 Kxf7 56.c4 Nf4+ 57.Ke3 Ke6 58.Nf3 Ng2+ 59.Ke2 Kf5 60.
Rb6 Rf6 61.Kf2 Nf4 62.d4 cxd4 63.Nxd4+ Ke4 64.Nf3 Nd3+ 65.Ke2 Rxf3 66.Rxd6
Rf2+ 67.Kd1 Rxh2 0-1

[Event "Deltalift Open"]
[Site "Tylosand"]
[Date "2015.05.14"]
[Round "2.22"]
[White "Norberg, Erik"]
[Black "Thiborg, Jesper"]
[Result "1/2-1/2"]
[WhiteElo "2268"]
[BlackElo "2065"]

1.g3 Nf6 2.Bg2 g6 3.e4 d6 4.d4 Bg7 5.Ne2 O-O 6.O-O c6 7.h3 b5 8.Be3 Nbd7 
9.a4 b4 10.c4 bxc3 11.bxc3 Nb6 12.Nd2 Ba6 13.f4 e5 14.Rf2 Nh5 15.g4 Bxe2 
16.Qxe2 Nxf4 17.Bxf4 exf4 18.Rxf4 Qg5 19.Raf1 Bh6 20.a5 Qxa5 21.R4f3 Qa2 
22.R3f2 Qc2 23.Nf3 Qxc3 24.g5 Bg7 25.Rd1 h6 26.Kh1 hxg5 27.Nxg5 Bxd4 28.
Rf3 Qc5 29.Rg3 Be5 30.Rg4 Nc4 31.Rc1 d5 32.exd5 cxd5 33.Qxe5 Nxe5 34.Rxc5 
Nxg4 35.hxg4 a5 36.Bxd5 Ra7 37.Kg2 Kg7 38.Kf3 Kf6 39.Kf4 a4 40.Rc6+ Kg7 
41.Ne4 a3 42.Ba2 Ra4 43.Rc7 Re8 44.Rxf7+ Kh8 45.Kg5 Raxe4 46.Kh6 Kg8 47.
Rf3+ Kh8 48.g5 R4e7 49.Rxa3 Rh7+ 50.Kxg6 Rg7+ 51.Kh5 Kh7 52.Bb1+ Kg8 53.
Kh6 Re6+ 54.g6 Re8 55.Ba2+ Kh8 56.Bd5 Rd8 57.Be6 Re7 58.Ba2 Rc7 59.Rh3 
Rdd7 60.Kg5+ Rh7 61.Rf3 Rc5+ 62.Kf6 Rc6+ 63.Be6 Rxe6+ 64.Kxe6 Ra7 65.Rf7 
Ra6+ 66.Kf5 Kg8 67.Kg5 Ra1 68.Rb7 1/2-1/2

[Event "Deltalift Open"]
[Site "Tylosand"]
[Date "2015.05.14"]
[Round "2.23"]
[White "Harren, Mats"]
[Black "Rosberg, Simon"]
[Result "0-1"]
[WhiteElo "2040"]
[BlackElo "2262"]

1.e4 c5 2.d4 cxd4 3.c3 dxc3 4.Nxc3 Nc6 5.Nf3 d6 6.Bc4 e6 7.O-O a6 8.Qe2 
Nge7 9.Bg5 h6 10.Be3 Ng6 11.Rfd1 Be7 12.Na4 b5 13.Bb6 Qd7 14.Nc5 dxc5 15.
Rxd7 Bxd7 16.Bb3 Rb8 17.Bc7 Rc8 18.Bg3 c4 19.Bc2 e5 20.h3 O-O 21.a3 Bc5 
22.Kh2 Be6 23.Rc1 Rfd8 24.Qe1 f6 25.Nh4 Nxh4 26.Bxh4 a5 27.Bg3 b4 28.axb4 
Bxb4 29.Qe2 Rd2 30.Qh5 Nd4 31.Bd1 Rd8 32.f4 Bf7 33.Qg4 Ne6 34.fxe5 h5 35.
Qf5 Rxd1 36.Rxd1 Rxd1 37.exf6 g6 38.Qb5 g5 39.Qxc4 h4 40.Be5 Bc5 41.g3 
Bg1+ 42.Kh1 Bd4+ 43.Kh2 Bxe5 44.Qc8+ Kh7 45.Kg2 hxg3 46.Qb7 Kg6 47.Qb5 
Rd2+ 48.Kh1 g2+ 49.Kg1 Bd4+ 50.Kh2 g1=Q# 0-1

[Event "Deltalift Open"]
[Site "Tylosand"]
[Date "2015.05.14"]
[Round "2.24"]
[White "Haugli, Petter"]
[Black "Forsberg, Timmy"]
[Result "1/2-1/2"]
[WhiteElo "2256"]
[BlackElo "2045"]

1.d4 d5 2.c4 dxc4 3.Nf3 Nf6 4.e3 e6 5.Bxc4 c5 6.O-O a6 7.dxc5 Bxc5 8.Qxd8+
Kxd8 9.Nbd2 Nbd7 10.Be2 Ke7 11.a3 b6 12.b4 Bd6 13.Nc4 Bc7 14.Bb2 Bb7 15.
Rac1 Rac8 16.a4 Rhd8 17.Nd4 e5 18.Nf5+ Kf8 19.Ncd6 Bxd6 20.Nxd6 Rxc1 21.
Rxc1 Bd5 22.Bxa6 Nb8 23.Bb5 Rxd6 24.Rc8+ Ke7 25.Rxb8 Bc6 26.h3 Bxb5 27.
axb5 Nd7 28.Rg8 Rd1+ 29.Kh2 Rd2 30.Bc3 Rc2 31.Be1 Re2 32.Bc3 Rc2 33.Be1 
Re2 34.Bc3 Rc2 1/2-1/2

[Event "Deltalift Open"]
[Site "Tylosand"]
[Date "2015.05.14"]
[Round "2.25"]
[White "Svedberg, Hans"]
[Black "Lind, Jan-Olov"]
[Result "0-1"]
[WhiteElo "2026"]
[BlackElo "2245"]

1.e4 c5 2.b3 Nc6 3.Bb2 e5 4.Nf3 d6 5.Bb5 Bd7 6.O-O Nf6 7.Re1 Be7 8.Na3 O-O
9.c3 a6 10.Bf1 Bg4 11.h3 Bh5 12.g4 Bg6 13.d3 b5 14.Nh4 d5 15.Nxg6 fxg6 16.
Nc2 d4 17.cxd4 cxd4 18.a3 Ne8 19.Be2 Bh4 20.Rf1 Ra7 21.Ne1 Raf7 22.Nf3 Be7
23.b4 Bd6 24.Kg2 Nc7 25.Rc1 Nb8 26.Rc2 Ne6 27.Bc1 Nf4+ 28.Bxf4 Rxf4 29.Qe1
Nd7 30.Qd1 Nb6 31.Rc6 Na4 32.Qb3+ Kh8 33.Rfc1 Nc3 34.R1xc3 dxc3 35.Rxc3 h5
36.gxh5 gxh5 37.Qd5 Qf6 0-1

[Event "Deltalift Open"]
[Site "Tylosand"]
[Date "2015.05.14"]
[Round "2.26"]
[White "Hansen, Lars"]
[Black "Bjorkeroth, Johan"]
[Result "1-0"]
[WhiteElo "2239"]
[BlackElo "2042"]

1.d4 Nf6 2.Bg5 e6 3.e4 h6 4.Bxf6 Qxf6 5.c3 b6 6.Nd2 Bb7 7.Bd3 d6 8.Ne2 Nd7
9.O-O g6 10.f4 Bg7 11.f5 exf5 12.exf5 Qg5 13.Nf4 O-O-O 14.Ne4 Qe7 15.Re1 
Ne5 16.Nf2 Rhe8 17.dxe5 dxe5 18.fxg6 fxg6 19.Qg4+ Kb8 20.Nxg6 Qc5 21.Qb4 
Qc6 22.Be4 Qe6 23.Bxb7 Kxb7 24.Qe4+ Kb8 25.Rad1 Rd6 26.Nh4 Rf8 27.Rxd6 
cxd6 28.Qg6 Qxg6 29.Nxg6 Rf7 30.Ng4 h5 31.Ne3 Kc7 32.Rf1 1-0

[Event "Deltalift Open"]
[Site "Tylosand"]
[Date "2015.05.14"]
[Round "2.27"]
[White "Olsen, Robin"]
[Black "Madebrink, Lars"]
[Result "0-1"]
[WhiteElo "2018"]
[BlackElo "2236"]

1.d4 Nf6 2.c4 g6 3.Nc3 Bg7 4.e4 O-O 5.f3 c6 6.Be3 d5 7.e5 Ne8 8.f4 Nc7 9.
Nf3 Nd7 10.c5 b6 11.b4 f6 12.Bd3 Ba6 13.O-O fxe5 14.fxe5 Bxd3 15.Qxd3 Ne6 
16.Ng5 Nxg5 17.Bxg5 bxc5 18.bxc5 Rb8 19.Rxf8+ Nxf8 20.Qh3 Rb4 21.Ne2 Qc7 
22.Rf1 e6 23.Qf3 Qd7 24.h4 h6 25.Bc1 Rb7 26.h5 Qe8 27.hxg6 Qxg6 28.Nf4 Qf5
29.Nh5 Qxf3 30.Rxf3 Kh7 31.Nxg7 Kxg7 32.Bxh6+ Kxh6 33.Rxf8 Rb4 34.Rf6+ Kg5
35.Rxe6 Rxd4 36.Rxc6 Re4 37.e6 Kf4 38.Kf2 Ke5 39.e7 Kd4 40.Rc7 Kc4 41.g4 
d4 42.g5 d3 43.g6 d2 44.g7 d1=Q 45.g8=Q+ Kc3 46.Qb3+ Qxb3 47.axb3 Kb4 48.
Kf3 Re1 49.Kf4 a5 50.Kf5 Kb5 51.Kf6 Rf1+ 52.Ke6 Re1+ 53.Kd7 Rd1+ 54.Kc8 
Re1 55.Kd8 0-1

[Event "Deltalift Open"]
[Site "Tylosand"]
[Date "2015.05.14"]
[Round "2.28"]
[White "Lindh, Fredrik"]
[Black "Bernhardsson, Sten"]
[Result "0-1"]
[WhiteElo "2235"]
[BlackElo "2019"]

1.e4 c5 2.Nf3 e6 3.d4 cxd4 4.Nxd4 Nc6 5.Nb5 d6 6.Bf4 e5 7.Be3 a6 8.N5c3 
Be6 9.Nd5 Bxd5 10.exd5 Nce7 11.c4 Nf5 12.Qb3 Nxe3 13.fxe3 Rb8 14.Nc3 Nf6 
15.Bd3 Be7 16.O-O O-O 17.Qc2 g6 18.Kh1 Ng4 19.Qe2 f5 20.e4 Nh6 21.exf5 
Nxf5 22.Bxf5 gxf5 23.Qh5 Qd7 24.Rf3 Rf7 25.Raf1 Rbf8 26.Rg3+ Rg7 27.Rff3 
Rf7 28.Rxg7+ Kxg7 29.Rg3+ Kf8 30.Qh6+ Ke8 31.Rg8+ Bf8 32.Rh8 Qe7 33.Qh5 
Kd7 34.Rg8 e4 35.Rg5 Qf6 36.Ne2 Bh6 37.Rg3 f4 38.Rb3 Kc8 39.Qg4+ Kb8 40.c5
dxc5 41.Qg8+ Ka7 42.Qc8 f3 43.gxf3 exf3 44.Nc3 f2 45.Qxc5+ Kb8 0-1

[Event "Deltalift Open"]
[Site "Tylosand"]
[Date "2015.05.14"]
[Round "2.29"]
[White "Larsson, Patrik"]
[Black "Angskog, Kent"]
[Result "0-1"]
[WhiteElo "2015"]
[BlackElo "2228"]

1.e4 g6 2.d4 Bg7 3.Nc3 d6 4.f4 a6 5.Nf3 b5 6.Bd3 Nd7 7.e5 c5 8.a4 b4 9.Ne4
Bb7 10.c3 c4 11.Bc2 b3 12.Bb1 Nh6 13.Qe2 O-O 14.O-O a5 15.Nfg5 Nb6 16.g4 
Bd5 17.f5 dxe5 18.dxe5 f6 19.Nxh7 Kxh7 20.fxg6+ Kg8 21.g5 fxg5 22.Bxg5 
Rxf1+ 23.Qxf1 Qd7 24.Qf4 Rf8 25.Qh4 Qg4+ 26.Qxg4 Nxg4 27.Bxe7 Rf4 28.Nf6+ 
Nxf6 29.exf6 Bxf6 0-1

[Event "Deltalift Open"]
[Site "Tylosand"]
[Date "2015.05.14"]
[Round "2.30"]
[White "Fransson, Peter"]
[Black "Andersson, Kjell-Ake"]
[Result "1/2-1/2"]
[WhiteElo "2225"]
[BlackElo "2016"]

1.Nf3 Nf6 2.g3 d5 3.Bg2 c6 4.O-O Bf5 5.d3 h6 6.Nbd2 e6 7.Qe1 Be7 8.e4 Bh7 
9.Qe2 O-O 10.b3 a5 11.a4 Na6 12.Bb2 Rc8 13.Rfe1 Re8 14.Red1 b5 15.Ne1 
1/2-1/2

[Event "Deltalift Open"]
[Site "Tylosand"]
[Date "2015.05.14"]
[Round "2.31"]
[White "Andersson, Bjorn"]
[Black "Vrbanac, Damir"]
[Result "1-0"]
[WhiteElo "2209"]
[BlackElo "2014"]

1.e4 c6 2.d4 d5 3.e5 Bf5 4.Nc3 e6 5.g4 Bg6 6.Nge2 h6 7.Be3 Nd7 8.Nf4 Bh7 
9.Bd3 Bxd3 10.Qxd3 Bb4 11.O-O-O Qa5 12.Nfe2 O-O-O 13.a3 Bxc3 14.Nxc3 Ne7 
15.f4 g6 16.Kb1 Nb6 17.Ka2 Nc4 18.Bc1 b5 19.b3 Nb6 20.Nb1 Kb8 21.Bd2 Qa6 
22.Bb4 Qb7 23.Nd2 h5 24.h3 Ka8 25.Rb1 a6 26.Bc5 Rde8 27.c4 Nec8 28.f5 gxf5
29.gxf5 Ne7 30.f6 Nf5 31.Rhg1 Reg8 32.cxd5 cxd5 33.Rbc1 Nd7 34.b4 Nb6 35.
Bxb6 Qxb6 36.Nb3 h4 37.Rg4 Rxg4 38.hxg4 Ng3 39.Na5 Ka7 40.Rc6 Qd8 41.Qc2 
Kb8 42.Qc5 Ne4 43.Rb6+ Ka8 44.Qc6+ Ka7 45.Qb7# 1-0

[Event "Deltalift Open"]
[Site "Tylosand"]
[Date "2015.05.14"]
[Round "2.32"]
[White "Kardell, Mathias"]
[Black "Faldt, Magnus"]
[Result "0-1"]
[WhiteElo "1998"]
[BlackElo "2198"]

1.e4 c5 2.Nf3 e6 3.d4 cxd4 4.Nxd4 Nc6 5.Nb5 d6 6.c4 a6 7.N5c3 Nf6 8.Be3 b6
9.Be2 Bb7 10.f4 Qc7 11.Nd2 Nb8 12.O-O Nbd7 13.Bf3 Be7 14.Qe2 O-O 15.Bf2 
Rfe8 16.Rfe1 Nf8 17.e5 dxe5 18.Bxb7 Qxb7 19.fxe5 N6d7 20.Qh5 Ng6 21.Nf3 
Nf4 22.Qg4 Nd3 23.Ne4 N3xe5 24.Nxe5 Nxe5 25.Qg3 Ng6 26.Bd4 e5 27.Bc3 Qc6 
28.Qf3 Bh4 0-1

[Event "Deltalift Open"]
[Site "Tylosand"]
[Date "2015.05.14"]
[Round "3.1"]
[White "Lind, Jan-Olov"]
[Black "Berg, Emanuel"]
[Result "0-1"]
[WhiteElo "2245"]
[BlackElo "2553"]

1.e4 c5 2.Nf3 e6 3.d3 Nc6 4.g3 d5 5.Nbd2 Bd6 6.Bg2 Nge7 7.O-O O-O 8.Re1 
Qc7 9.Qe2 f6 10.c3 Bd7 11.a3 Rac8 12.h4 b5 13.Nb3 dxe4 14.dxe4 e5 15.Be3 
Nd8 16.Rad1 Nb7 17.Rd2 c4 18.Nc1 a5 19.Red1 Bg4 20.Kh2 Rfd8 21.Bh3 Bxh3 
22.Kxh3 Qc6 23.Nh2 Qxe4 24.Bb6 Qxe2 25.Nxe2 Bc7 26.Bxc7 Rxd2 27.Rxd2 Rxc7 
28.Nf1 Kf7 29.Ne3 Nc5 30.Rd8 Nd3 31.Rb8 b4 32.axb4 axb4 33.cxb4 Nc6 34.Rb6
Ncxb4 35.Nc3 Nxf2+ 36.Kg2 Nfd3 37.Nf5 Kg6 38.g4 h5 39.Kg3 Rd7 40.Ne3 hxg4 
41.Nxc4 Kh5 42.Nd6 Nc2 43.Nce4 Nd4 44.Rb8 Ne2+ 45.Kh2 g3+ 46.Kg2 Kg4 47.h5
Ndf4+ 48.Kf1 g2+ 0-1

[Event "Deltalift Open"]
[Site "Tylosand"]
[Date "2015.05.14"]
[Round "3.2"]
[White "Angskog, Kent"]
[Black "Blomqvist, Erik"]
[Result "0-1"]
[WhiteElo "2228"]
[BlackElo "2513"]

1.Nf3 c5 2.c3 Nf6 3.d4 cxd4 4.cxd4 d5 5.Nc3 Nc6 6.Qb3 Na5 7.Qc2 e6 8.Bg5 
Be7 9.e3 Bd7 10.Ne5 Rc8 11.Bd3 Nc6 12.Bxf6 Bxf6 13.Nxd7 Qxd7 14.O-O g6 15.
a3 O-O 16.Rac1 a6 17.Rfd1 Rfd8 18.b4 e5 19.dxe5 Nxe5 20.Qd2 Kg7 21.Be2 Qe6
22.Na4 Nc4 23.Bxc4 dxc4 24.Qe2 b6 25.h3 Rd3 26.Nb2 Rxd1+ 27.Nxd1 Rd8 28.
Nc3 Rd3 29.Nb1 b5 30.Rd1 Rxd1+ 31.Qxd1 Qe4 32.Nd2 Qd3 33.Qc1 c3 34.Nf3 c2 
35.Ne1 Qd1 36.Qxc2 Qxe1+ 37.Kh2 Qc3 0-1

[Event "Deltalift Open"]
[Site "Tylosand"]
[Date "2015.05.14"]
[Round "3.3"]
[White "Hector, Jonny"]
[Black "Hansen, Lars"]
[Result "1-0"]
[WhiteElo "2485"]
[BlackElo "2239"]

1.e4 e6 2.d4 d5 3.e5 c5 4.c3 Qb6 5.Nf3 Nc6 6.Bd3 cxd4 7.O-O Bd7 8.Re1 Rc8 
9.h4 Nge7 10.h5 a6 11.a3 dxc3 12.Nxc3 d4 13.Na4 Qa7 14.b4 Nd5 15.Be4 b5 
16.Bxd5 exd5 17.Nb2 Be7 18.h6 g6 19.Qb3 Be6 20.Nd3 O-O 21.Bb2 Rfd8 22.Rad1
Bf5 23.Nf4 Qd7 24.Bxd4 Bg4 25.Bb6 Qf5 26.Bxd8 Qxf4 27.Bxe7 Nxe7 28.Rd4 Qf5
29.Nh2 Rc4 30.Rxc4 bxc4 31.Qg3 Bh5 32.Qh4 Kf8 33.g4 Qf4 34.Qf6 Qd2 35.Nf3 
Qc3 36.gxh5 1-0

[Event "Deltalift Open"]
[Site "Tylosand"]
[Date "2015.05.14"]
[Round "3.4"]
[White "Faldt, Magnus"]
[Black "Semcesen, Daniel"]
[Result "0-1"]
[WhiteElo "2198"]
[BlackElo "2475"]

1.d4 f5 2.Nf3 Nf6 3.g3 g6 4.Bg2 Bg7 5.b4 Nc6 6.b5 Na5 7.Qd3 d5 8.Ne5 Ne4 
9.O-O O-O 10.Nd2 Be6 11.Ndf3 Kh8 12.Rb1 Bg8 13.h4 Rc8 14.Bf4 b6 15.Nc6 
Nxc6 16.bxc6 Rf6 17.Ne5 Qe8 18.f3 Nd6 19.g4 Nc4 20.e4 fxe4 21.fxe4 Rxf4 
22.Rxf4 Nxe5 23.dxe5 d4 24.Qxd4 Qxc6 25.Rd1 Be6 26.g5 Qb5 27.Bf1 Qxe5 28.
Qxe5 Bxe5 29.Rf2 Kg7 30.Rfd2 Rf8 31.Rd8 Rf4 32.Re8 Kf7 33.Rdd8 Bg7 34.Ba6 
Rxe4 35.Bc8 Bxa2 36.Bd7 Rxh4 37.Rc8 Rd4 38.Bb5 Rd5 39.Rxc7 Rxg5+ 40.Kf1 
Bf6 41.Bc6 Rc5 42.Rd8 Kg7 43.Rcc8 Rxc2 0-1

[Event "Deltalift Open"]
[Site "Tylosand"]
[Date "2015.05.14"]
[Round "3.5"]
[White "Fries-Nielsen, Jens Ove"]
[Black "Andersson, Bjorn"]
[Result "1/2-1/2"]
[WhiteElo "2459"]
[BlackElo "2209"]

1.Nf3 c5 2.e3 d6 3.d4 cxd4 4.exd4 g6 5.Bb5+ Bd7 6.a4 Bg7 7.O-O Nf6 8.Re1 
O-O 9.Nc3 Nc6 10.d5 Na5 11.Qe2 Rc8 12.Qxe7 Bxb5 13.Qxd8 Rfxd8 14.axb5 b6 
15.Nd4 Rxc3 16.bxc3 Nxd5 17.Bg5 Rc8 18.Rxa5 bxa5 19.Nc6 Bxc3 20.Rd1 Re8 
21.g3 Re1+ 1/2-1/2

[Event "Deltalift Open"]
[Site "Tylosand"]
[Date "2015.05.14"]
[Round "3.6"]
[White "Berglind, Axel"]
[Black "Smith, Axel"]
[Result "0-1"]
[WhiteElo "2178"]
[BlackElo "2454"]

1.c4 e5 2.Nc3 Bb4 3.Nd5 Bc5 4.e3 Nf6 5.Qf3 Nxd5 6.Qxd5 d6 7.Nf3 Nc6 8.a3 
Bf5 9.e4 Bg4 10.Be2 Bxf3 11.Bxf3 Nd4 12.Qxb7 Nc2+ 13.Kf1 Nxa1 14.Qc6+ Ke7 
15.b4 Bd4 16.Bd1 a5 17.Ba4 axb4 18.axb4 Rxa4 19.Qxa4 Qa8 0-1